Uplatnenie absolventov SPU v Nitre v podmienkach trhu práce
Možnosti uplatnenia absolventov SPU v Nitre na trhu práce a analýza požiadaviek podnikateľských subjektov na ich odbornú pripravenosť. Nenasýtenosť trhu práce absolventami niektorých fakúlt SPU v Nitre. Nevyhnutnosť dopĺňania znalostí absolventov ďalšími formami vzdelávania.
Enregistré dans:
| Auteur principal: | |
|---|---|
| Format: | Chapitre de livre |
| Langue: | slovaque |
| Sujets: | |
| Tags: |
Pas de tags, Soyez le premier à ajouter un tag!
|
MARC
| LEADER | 00000naa a2200000 4500 | ||
|---|---|---|---|
| 001 | r048102 | ||
| 005 | 20231004074348.8 | ||
| 041 | 0 | |a slo | |
| 044 | |a SK | ||
| 245 | 1 | 0 | |a Uplatnenie absolventov SPU v Nitre v podmienkach trhu práce |c Jozef Žaja |
| 520 | |a Možnosti uplatnenia absolventov SPU v Nitre na trhu práce a analýza požiadaviek podnikateľských subjektov na ich odbornú pripravenosť. Nenasýtenosť trhu práce absolventami niektorých fakúlt SPU v Nitre. Nevyhnutnosť dopĺňania znalostí absolventov ďalšími formami vzdelávania. | ||
| 610 | 2 | 0 | |a trh práce |
| 610 | 2 | 0 | |a absolventi |
| 610 | 2 | 0 | |a SPU Nitra |
| 100 | 1 | |a Žaja, Jozef | |